Escritos sobre La Restauración / (Registro nro. 7804)
[ vista simple ]
| 000 -LEADER | |
|---|---|
| fixed length control field | 00911nam a2200265 a 4500 |
| 001 - CONTROL NUMBER | |
| control field | 000014403 |
| 003 - CONTROL NUMBER IDENTIFIER | |
| control field | DO-SdBNP |
| 005 - DATE AND TIME OF LATEST TRANSACTION | |
| control field | 20171011125651.0 |
| 007 - PHYSICAL DESCRIPTION FIXED FIELD--GENERAL INFORMATION | |
| fixed length control field | 000014403 |
| 008 - FIXED-LENGTH DATA ELEMENTS--GENERAL INFORMATION | |
| fixed length control field | 091211d2002 dr 001 0 spa d |
| 040 ## - CATALOGING SOURCE | |
| Original cataloging agency | BPMSU |
| Language of cataloging | spa |
| Transcribing agency | BPMSU |
| 082 ## - DEWEY DECIMAL CLASSIFICATION NUMBER | |
| Edition number | |
| Classification number | 972.9304 |
| Item number | E74s |
| 245 10 - TITLE STATEMENT | |
| Title | Escritos sobre La Restauración / |
| Statement of responsibility, etc. | presentación Viriato Sención. |
| 260 ## - PUBLICATION, DISTRIBUTION, ETC. (IMPRINT) | |
| Place of publication, distribution, etc. | Santo Domingo : |
| Name of publisher, distributor, etc. | CPEP, |
| -- | Centenario, |
| Date of publication, distribution, etc. | 2002. |
| 300 ## - PHYSICAL DESCRIPTION | |
| Extent | 333 p. : |
| Other physical details | il., retrs. ; |
| Dimensions | 22 cm. |
| 500 ## - GENERAL NOTE | |
| General note | Incluye referencias bibliográficas y notas al pie de las páginas |
| 650 #4 - SUBJECT ADDED ENTRY--TOPICAL TERM | |
| Topical term or geographic name as entry element | LITERATURA DOMINICANA |
| 651 #4 - SUBJECT ADDED ENTRY--GEOGRAPHIC NAME | |
| Geographic name | REPÚBLICA DOMINICANA |
| General subdivision | HISTORIA |
| Chronological subdivision | RESTAURACIÓN, 1863-1865 |
| 700 1# - ADDED ENTRY--PERSONAL NAME | |
| Personal name | Sención, Viriato |
| 710 ## - ADDED ENTRY--CORPORATE NAME | |
| Materials specified | Comisión Permanente de Efemérides Patrias (República Dominicana) |
| 942 ## - ADDED ENTRY ELEMENTS (KOHA) | |
| Source of classification or shelving scheme | Dewey Decimal Classification |
| Koha item type | Libros |
| 945 ## - LOCAL PROCESSING INFORMATION (OCLC) | |
| a | Inventariado / 2017 VM |
| 956 ## - LOCAL ELECTRONIC LOCATION AND ACCESS (OCLC) | |
| Host name | VMATEO |
| Access number | 10 |
| Compression information | 20150507 |
| Logon | BPMSU |
| Processor of request | 00151 |
| 956 ## - LOCAL ELECTRONIC LOCATION AND ACCESS (OCLC) | |
| Host name | MFILETO |
| Withdrawn status | Lost status | Source of classification or shelving scheme | Damaged status | Not for loan | Collection code | Home library | Current library | Date acquired | Total Checkouts | Full call number | Barcode | Date last seen | Price effective from | Koha item type | Copy number |
|---|---|---|---|---|---|---|---|---|---|---|---|---|---|---|---|
| Dewey Decimal Classification | Colección Dominicana | Biblioteca Pública Metropolitana Salomé Ureña | Biblioteca Pública Metropolitana Salomé Ureña | 05/07/2015 | 972.9304 E74s | BPMSU15051573 | 05/07/2015 | 05/07/2015 | Libros | ||||||
| Dewey Decimal Classification | Colección Dominicana | Biblioteca Pública Metropolitana Salomé Ureña | Biblioteca Pública Metropolitana Salomé Ureña | 05/07/2015 | 972.9304 E74s | BPMSU15051574 | 05/07/2015 | 05/07/2015 | Libros | e. 2 |